| 000 | 00591nam a2200205Ii 4500 | ||
|---|---|---|---|
| 003 | JO-AjNU | ||
| 008 | 230606s9999||||xx |||||||||||||| ||und|| | ||
| 020 | _a81-239-1225-0 | ||
| 040 |
_aJO-AjNU _beng _erda _cJO-AjNU |
||
| 041 | _aeng | ||
| 050 | 1 | 4 | _aTA683.R34 2014 |
| 100 | 3 |
_aRaju, Krishna, _eauthor _94679 |
|
| 245 | 0 | 0 | _aAdvanced Rrinforced concrete design |
| 264 | 3 | 1 | _aNew Delhi :cbc ,2014 |
| 300 | _a352p | ||
| 336 |
_atext _btxt _2rdacontent |
||
| 337 |
_aunmediated _bn _2rdamedia |
||
| 338 |
_avolume _bnc _2rdacarrier |
||
| 650 | 4 |
_aAdvanced Rrinforced concrete design _94680 |
|
| 999 |
_aE2425 _c2423 _d2423 |
||